Pneumatic Systems Principles and maintainance (Record no. 3001)

000 -LEADER
fixed length control field 00406nam a2200145Ia 4500
008 - FIXED-LENGTH DATA ELEMENTS--GENERAL INFORMATION
fixed length control field 200103s 2000 ||||xx |||||||||||||| ||und||
020 ## - INTERNATIONAL STANDARD BOOK NUMBER
International Standard Book Number 0074602314
082 ## - DEWEY DECIMAL CLASSIFICATION NUMBER
Classification number 621.51
Item number MAJ
100 ## - MAIN ENTRY--PERSONAL NAME
Personal name Majumdar, S.R.
245 #0 - TITLE STATEMENT
Title Pneumatic Systems Principles and maintainance
250 ## - EDITION STATEMENT
Edition statement 3rd Ed.
260 ## - PUBLICATION, DISTRIBUTION, ETC. (IMPRINT)
Name of publisher, distributor, etc Tata McGraw-Hill Publishing Comp. Ltd.
Date of publication, distribution, etc 2000
Place of publication, distribution, etc New Delhi
300 ## - PHYSICAL DESCRIPTION
Extent XI, 282p.
942 ## - ADDED ENTRY ELEMENTS (KOHA)
Item type Books
Holdings
Withdrawn status Lost status Source of classification or shelving scheme Damaged status Not for loan Collection code Permanent location Current location Shelving location Date acquired Full call number Barcode Date last seen Koha item type Public note
          Non-fiction IMU-MPC Library IMU-MPC Library General Stacks 2020-01-08 621.51 MAJ LBS11170 2025-03-17 Books Column-3
Copyright © 2021 Indian Maritime University, Mumbai Port Campus. All Rights Reserved. Managed & Maintained by Central Library, IMU-Mumbai

webs counters

Powered by Koha